La lectura de la imagen. Prensa, cine, televisión

Gardado en:
Detalles Bibliográficos
Autor Principal: Vilches, Lorenzo (autor)
Formato: Libro
Idioma:Lingua castelá
Publicado: Barcelona, España: Paidós Ibérica, 1984.
Series:Paidós Comunicación ;
Subjects:
Tags: Engadir etiqueta
Sen Etiquetas, Sexa o primeiro en etiquetar este rexistro!

MARC

LEADER 00000cam a2200000 a 4500
001 UCE0979
003 CL-VaPUC
005 20250321101909.0
008 140324e19840000sp |||||||||||||||||spa|d
999 |c 354942  |d 354940 
020 |a 9788475092416 
040 |c Pontificia Universidad Católica de Valparaíso 
082 0 4 |a 302.2 VIL 1984  |2 21 
100 0 |a Vilches, Lorenzo  |e autor  |9 573355 
245 1 3 |a La lectura de la imagen.  |b Prensa, cine, televisión 
260 |a Barcelona, España:  |b Paidós Ibérica,  |c 1984. 
300 |a 248 páginas.  
490 0 |a Paidós Comunicación ;  |n 11 
500 |a c.2-c.3. Instituto Arcos 8-1-2025. 
583 |a last modification  |c 20140324 12:18:00  |k Rodrigo Vera 
650 0 |a Comunicación visual   |9 265349 
650 0 |a Análisis de contenido  |9 318914 
942 |c BK  |2 ddc  |n 0 
945 |d 20140324 12:18:00  |a cmena 
952 |0 0  |1 0  |3 erb  |4 0  |6 302_200000000000000_VIL_1984  |7 0  |8 A  |9 461174  |a BIBCUR  |b BIBCUR  |i 506290K  |o 302.2 VIL 1984  |p 506290K  |r 2025-04-22  |w 2019-11-23  |y BK  |z Catalogado en:20140324  |k PER 
952 |0 0  |1 0  |2 ddc  |4 0  |6 302_200000000000000_VIL_1984  |7 0  |8 A  |9 599958  |a BIBINC  |b BIBINC  |d 2025-01-27  |e Instituto Arcos   |i 5664955  |o 302.2 VIL 1984  |p 5664955  |r 2025-01-27  |t 2  |w 2025-01-27  |y BK  |k IFP 
952 |0 0  |1 0  |2 ddc  |4 0  |6 302_200000000000000_VIL_1984  |7 0  |8 A  |9 599959  |a BIBINC  |b BIBINC  |d 2025-01-27  |e Instituto Arcos   |i 5664956  |o 302.2 VIL 1984  |p 5664956  |r 2025-01-27  |t 3  |w 2025-01-27  |y BK  |k IFP